000 00656nam a2200229Ia 4500
003 OSt
005 20220918204920.0
006 a|||||r|||| 00| 0
007 ta
008 220917b |||||||| |||| 00| 0 eng d
024 _a114,689
037 _cTextual
040 _aARTS
_cARTS
_beng
041 _2eng
_aeng
082 _aV58:241:N5, J6
100 _aMeissner B
_9113559
245 0 _aCommunist party of the Soviet Union
_b party leadership organization and ideology ed by John S Reshetar tr by Fred Holling
260 _c1956
650 _aHISTORY
942 _hV58:241:N5, J6
_cTEXL
_2CC
999 _c238019
_d238019